<?xml version='1.0' encoding='UTF-8'?><?xml-stylesheet href='static/style.xsl' type='text/xsl'?><OAI-PMH xmlns="http://www.openarchives.org/OAI/2.0/" xmlns:xsi="http://www.w3.org/2001/XMLSchema-instance" xsi:schemaLocation="http://www.openarchives.org/OAI/2.0/ http://www.openarchives.org/OAI/2.0/OAI-PMH.xsd"><responseDate>2026-05-13T19:44:10Z</responseDate><request verb="GetRecord" identifier="oai:ebiltegia.mondragon.edu:20.500.11984/14422" metadataPrefix="marc">https://ebiltegia.mondragon.edu/oai/request</request><GetRecord><record><header><identifier>oai:ebiltegia.mondragon.edu:20.500.11984/14422</identifier><datestamp>2026-05-12T14:26:43Z</datestamp><setSpec>com_20.500.11984_473</setSpec><setSpec>com_20.500.11984_14090</setSpec><setSpec>col_20.500.11984_476</setSpec></header><metadata><record xmlns="http://www.loc.gov/MARC21/slim" xmlns:dcterms="http://purl.org/dc/terms/" xmlns:xsi="http://www.w3.org/2001/XMLSchema-instance" xmlns:doc="http://www.lyncode.com/xoai" xsi:schemaLocation="http://www.loc.gov/MARC21/slim http://www.loc.gov/standards/marcxml/schema/MARC21slim.xsd">
   <leader>00925njm 22002777a 4500</leader>
   <datafield ind2=" " ind1=" " tag="042">
      <subfield code="a">dc</subfield>
   </datafield>
   <datafield ind2=" " ind1=" " tag="720">
      <subfield code="a">Albisua, Neritzel</subfield>
      <subfield code="e">author</subfield>
   </datafield>
   <datafield ind2=" " ind1=" " tag="260">
      <subfield code="c">2026-05-07</subfield>
   </datafield>
   <datafield ind2=" " ind1=" " tag="520">
      <subfield code="a">Most research on children’s and adolescents’ physical activity focuses on total daily moderate-to-vigorous&#xd;
physical activity (MVPA), with limited attention to its temporal structure. This cross-sectional study&#xd;
characterised MVPA accumulation patterns in 513 participants (256 boys, 257 girls; mean age 11.7 ± 3.2&#xd;
years) from the Basque Country (Spain) using wrist-worn accelerometry (100 Hz; ENMO ≥100 mg; 5-s&#xd;
epochs; GGIR) over seven consecutive days. MVPA bouts were defined using a strict consecutive criterion&#xd;
at thresholds of ≥1, ≥5, and ≥10 minutes. On average, 66.2% of daily MVPA was accumulated in bouts ≥1&#xd;
minute, 44.7% in bouts ≥5 minutes, and 34.8% in bouts ≥10 minutes. Boys accumulated more total MVPA&#xd;
and a greater proportion in sustained bouts than girls (40.9% vs. 28.8%). Both total and sustained MVPA&#xd;
declined progressively with age. In multivariable models, age (β = −1.93; 95% CI: −2.57 to −1.28) and female&#xd;
sex (β = −14.00; 95% CI: −18.50 to −9.50) were independently associated with lower sustained MVPA (model&#xd;
R² = .126). Sustained MVPA was inversely associated with body mass index after adjustment for age, sex,&#xd;
socioeconomic status, and residential setting (β = −9.05 × 10⁻⁶; p = .028; model R² = .359). These findings&#xd;
indicate that MVPA in youth is predominantly fragmented and that sustained accumulation varies&#xd;
systematically by demographic characteristics.</subfield>
   </datafield>
   <datafield ind1="8" ind2=" " tag="024">
      <subfield code="a">1988-5202</subfield>
   </datafield>
   <datafield ind1="8" ind2=" " tag="024">
      <subfield code="a">https://katalogoa.mondragon.edu/janium-bin/janium_login_opac.pl?find&amp;ficha_no=201683</subfield>
   </datafield>
   <datafield ind1="8" ind2=" " tag="024">
      <subfield code="a">https://hdl.handle.net/20.500.11984/14422</subfield>
   </datafield>
   <datafield tag="653" ind2=" " ind1=" ">
      <subfield code="a">Physical education</subfield>
   </datafield>
   <datafield tag="653" ind2=" " ind1=" ">
      <subfield code="a">Accelerometry</subfield>
   </datafield>
   <datafield tag="653" ind2=" " ind1=" ">
      <subfield code="a">Raw acceleration</subfield>
   </datafield>
   <datafield tag="653" ind2=" " ind1=" ">
      <subfield code="a">ENMO</subfield>
   </datafield>
   <datafield tag="653" ind2=" " ind1=" ">
      <subfield code="a">Bout duration</subfield>
   </datafield>
   <datafield tag="653" ind2=" " ind1=" ">
      <subfield code="a">Adiposity</subfield>
   </datafield>
   <datafield ind2="0" ind1="0" tag="245">
      <subfield code="a">From volume to pattern: Sustained moderate-to-vigorous physical activity and its sociodemographic distribution in children and adolescents</subfield>
   </datafield>
</record></metadata></record></GetRecord></OAI-PMH>